Green Deal Provider Authorisation (Record no. 114541)

MARC details
000 -LEADER
fixed length control field 00929cad a22002055a 4500
001 - CONTROL NUMBER
control field L157011
008 - FIXED-LENGTH DATA ELEMENTS--GENERAL INFORMATION
fixed length control field 120810s2012 xxk f 000 0 eng d
035 ## - SYSTEM CONTROL NUMBER
System control number (Sirsi) u157011
041 0# - LANGUAGE CODE
Language code of text/sound track or separate title eng
110 2# - MAIN ENTRY--CORPORATE NAME
Corporate name or jurisdiction name as entry element United Kingdom
Subordinate unit Department of Energy and Climate Change
9 (RLIN) 5850
245 00 - TITLE STATEMENT
Title Green Deal Provider Authorisation
Remainder of title Guidance for Applicants
Medium [electronic resource]
260 ## - PUBLICATION, DISTRIBUTION, ETC.
Place of publication, distribution, etc. London
Name of publisher, distributor, etc. DECC
Date of publication, distribution, etc. 2012
520 ## - SUMMARY, ETC.
Summary, etc. Gives step by step practical guidance on how to set up as a Green Deal Provider. Includes information on applying for authorisation, pre-assessment questionnaire and evidence of competency.
590 ## - LOCAL NOTE (RLIN)
Local note KA NTK
651 #4 - SUBJECT ADDED ENTRY--GEOGRAPHIC NAME
Geographic name United Kingdom
690 ## - LOCAL SUBJECT ADDED ENTRY--TOPICAL TERM (OCLC, RLIN)
Topical term or geographic name as entry element Sustainability
9 (RLIN) 6271
690 ## - LOCAL SUBJECT ADDED ENTRY--TOPICAL TERM (OCLC, RLIN)
Topical term or geographic name as entry element Energy
9 (RLIN) 6237
856 40 - ELECTRONIC LOCATION AND ACCESS
Uniform Resource Identifier <a href="https://www.decc.gov.uk/assets/decc/11/tackling-climate-change/green-deal/6068-green-deal-provider-guidance-authorisation-.pdf">https://www.decc.gov.uk/assets/decc/11/tackling-climate-change/green-deal/6068-green-deal-provider-guidance-authorisation-.pdf</a>
Public note View the item free of charge at www.decc.gov.uk
942 ## - ADDED ENTRY ELEMENTS (KOHA)
Suppress in OPAC 0
Holdings
Withdrawn status Lost status Source of classification or shelving scheme Damaged status Not for loan Home library Current library Shelving location Date acquired Total Checkouts Full call number Barcode Date last seen Copy number Price effective from Koha item type
    Dewey Decimal Classification     Virtual Virtual Online 10/08/2012   ONLINE PUBLICATION 157011-2001 06/08/2019 1 06/08/2019 Book